000 00882cam a2200253 4500
001 ABS62496
008 000000n2000 000 0 eng u
035 _a(Sirsi) u106599
100 _aLawson, D.
245 _aGoing great guns
260 _c2000
490 _aProperty Week
_v65(23) 9 June 2000, 42-53(6)
520 _aA residential special report which discusses the value of surplus miltary and hospital land as housebuilders compete for housing land. Also looks at government plans for Ashford and Milton Keynes, the popularity of Thameside sites, and how social housing is attracting institutional investment.
590 _aABS
650 _aMILITARY LAND
650 _aHOSPITAL LAND
650 _aMILTON KEYNES
650 _aASHFORD
650 _aSOCIAL HOUSING
650 _aTHAMESIDE
690 _aHOUSING-INVESTMENT
700 _aEade, C.
942 _n0
999 _c63827
_d63827